000 02004 a2200229 4500
001 41187
005 20260407155705.0
008 260407a1999 arg spa d
003 AR-UNSa-BCEJYS
040 _aAR-UNSa-BCEJYS
_bspa
_cAR-UNSa-BCEJYS
080 _a347.51
_xResponsabilidad civil en general
245 1 0 _aFormas de organización y responsabilidad de las empresas de la salud
020 _a950-894-165-0
264 1 _aBuenos Aires :
_bAD-HOC
_c1999
300 _a299 p.
_c23 cm.
505 _a1. Introducción. Pautas metodológicas. La realidad contemporánea: la organización empresaria en la presentación del servicio médico. Empresa médica individual y pluripersonal. Normas aplicables: Código Civil y Ley de Sociedades Comerciales - 2. La persona jurídica. Nociones generales. Clasificación: los tipos legales básicos. Características comunes a las diversas formas de organización de las personas jurídicas de carácter privado - 3. La persona jurídica en la actividad médica. Incidencia de la Ley 17.132 y normas complementarias. La Ley 23.798 sobre SIDA. Los Comités hospitalarios de ética (Ley 24.742) - 4. Formas de organización de las personas jurídicas. Asociaciones propiamente dichas y simples asociaciones. Asociaciones mutuales. Fundaciones. Cooperativas. Los contratos de colaboración empresaria - 5. Sociedades. Examen estructural de la sociedad civil como prototipo de organización plural de los médicos u otros profesionales del arte de curar - 6. Presupuestos generales de la responsabilidad civil en la actividad médica - 7. Responsabilidad de los establecimientos asistenciales - 8. Responsabilidad de las obras sociales - 9. Las entidades que organizan servicios médicos prepagos. Relación con los adherentes. Responsabilidad
041 _aspa
942 _cBK
590 _aniveau_biblio:m niveau_hierar:0
100 1 _aMonti, José Luis
856 4 1 _uhttps://biblioeco.unsa.edu.ar/pmb/images/libros/L126425.jpg
_yImagen de portada
_qimage/jpeg
999 _c3407
_d3407